| 000 | 01012nam a2200265 4500 | ||
|---|---|---|---|
| 003 | OSt | ||
| 005 | 20260601171003.0 | ||
| 008 | 260418b1970\\\\maua||||\||||\00|\0\eng\d | ||
| 040 |
_aICI _bspa _cICI |
||
| 041 | _aeng | ||
| 050 |
_aTA170 _bD46 1968 |
||
| 100 | 1 |
_aGary T. Moore _931789 |
|
| 111 |
_aThe Design Methods Group International Conference (1968 : Cambridge, Massachusetts) _931790 |
||
| 245 | 1 |
_aEmerging methods in environmental design and planning : _bProceedings of the design methods group first international conference, cambridge, massachusetts / _ceditor Gary T. Moore |
|
| 264 |
_bThe MIT Press, _cc1970 _aMassachusetts : |
||
| 300 |
_a410 páginas : _bilustraciones |
||
| 336 |
_atexto _2rdacontent |
||
| 337 |
_asin medio _2rdamedia |
||
| 338 |
_avolumen _2rdacarrier |
||
| 650 |
_aDiseño arquitectónico _vCongresos _931791 |
||
| 650 |
_aIngeniería ambiental _vCongresos _931792 |
||
| 650 |
_aUrbanismo _vCongresos _931793 |
||
| 700 | 1 |
_aMoore, Gary T., _eeditor _931794 |
|
| 942 |
_2lcc _cB |
||
| 999 |
_c20167 _d20167 |
||